| 000 | 00692nam a22002051a 4500 | ||
|---|---|---|---|
| 001 | 11449 | ||
| 003 | OSt | ||
| 005 | 20260204212243.0 | ||
| 008 | 121108s2003||||ck ||||||b||||||||||spa|| | ||
| 020 | _a9582007052 | ||
| 050 | _a153.9 Z82d | ||
| 100 | _aZubiria Sampier, Jualian De | ||
| 245 | _aDiez estudies sobre inteligencia y excepcionalidad / Jualian De Zubiria Sampier y Alberto Ramírez G. (Compilador) | ||
| 264 | _aColombia: Cooperativa editorial magisterio | ||
| 490 | _a252 p | ||
| 500 | _aColección aula abierta | ||
| 505 | _aIncluye indice y bibiografía | ||
| 650 | _aInteligencia y aptitudez 2.Desarrollo de la Inteligencia 3.Inteligencia - EstudiosÌ | ||
| 942 |
_2ddc _cBK |
||
| 999 |
_c11449 _d11449 |
||